[Event "Bundesliga 9798"]
[Site "Deutschland"]
[Date "1997.??.??"]
[Round "?.3"]
[White "Babula, Vlastimil"]
[Black "Lanka, Zigurds"]
[Result "1-0"]
[WhiteElo "2545"]
[BlackElo "2565"]
[PlyCount "109"]
[EventDate "1997.10.??"]
[EventType "team"]
[EventRounds "15"]
[EventCountry "GER"]
[SourceTitle "Bundesliga 9798"]
[Source "DeepChess"]
[SourceDate "2005.01.01"]
[SourceVersion "1"]
[SourceVersionDate "2005.01.01"]
[SourceQuality "1"]
[WhiteTeam "SAbt SV Werder Bremen"]
[BlackTeam "Dresdner SC 1898"]
[WhiteTeamCountry "GER"]
[BlackTeamCountry "GER"]

1. d4 Nf6 2. c4 g6 3. Nc3 Bg7 4. e4 d6 5. Nf3 O-O 6. Be2 e5 7. O-O Nc6 8. d5
Ne7 9. b4 Nh5 10. Re1 f5 11. Ng5 Nf4 12. Bxf4 exf4 13. Rc1 Bf6 14. Ne6 Bxe6 15.
dxe6 Bxc3 16. Rxc3 fxe4 17. Bg4 h5 18. Bh3 c6 19. Rxe4 d5 20. cxd5 Qxd5 21. Rd4
Qxd4 22. Qxd4 Rad8 23. Qd7 Rxd7 24. exd7 Kf7 25. g4 hxg4 26. Bxg4 Nd5 27. Rc4
Rd8 28. Kg2 Nf6 29. Rxf4 Ke7 30. Bh3 Nxd7 31. Re4+ Kf7 32. Rd4 Ke7 33. Re4+ Kf7
34. Rd4 Ke7 35. Kg3 Nf6 36. Rxd8 Kxd8 37. Kf4 Ke7 38. Ke5 b6 39. a3 c5 40. bxc5
bxc5 41. f3 c4 42. Kd4 Kd6 43. Kxc4 g5 44. Kd4 Nd5 45. Bf1 Nf6 46. Bc4 g4 47.
f4 Nh5 48. f5 g3 49. hxg3 Nxg3 50. f6 a5 51. f7 Ke7 52. a4 Kf8 53. Kc5 Ne4+ 54.
Kb6 Nc3 55. Kxa5 1-0

[Event "Bundesliga 9798"]
[Site "Deutschland"]
[Date "1997.??.??"]
[Round "?.4"]
[White "Boensch, Uwe"]
[Black "Meins, Gerlef"]
[Result "0-1"]
[WhiteElo "2540"]
[BlackElo "2460"]
[PlyCount "70"]
[EventDate "1997.10.??"]
[EventType "team"]
[EventRounds "15"]
[EventCountry "GER"]
[SourceTitle "Bundesliga 9798"]
[Source "DeepChess"]
[SourceDate "2005.01.01"]
[SourceVersion "1"]
[SourceVersionDate "2005.01.01"]
[SourceQuality "1"]
[WhiteTeam "Dresdner SC 1898"]
[BlackTeam "SAbt SV Werder Bremen"]
[WhiteTeamCountry "GER"]
[BlackTeamCountry "GER"]

1. d4 d5 2. c4 dxc4 3. e4 e5 4. Nf3 exd4 5. Bxc4 Bb4+ 6. Nbd2 Nc6 7. O-O Qf6 8.
e5 Qg6 9. Nh4 Qg4 10. Ndf3 Be6 11. h3 Qe4 12. Bd3 Qd5 13. Ng5 Nge7 14. f4 O-O-O
15. a3 Bc5 16. b4 Bb6 17. Bd2 Qb3 18. Qxb3 Bxb3 19. a4 a5 20. b5 Nb8 21. e6
Bxe6 22. Rae1 Nd7 23. f5 Nc5 24. Bb1 Nb3 25. fxe6 Nxd2 26. exf7 d3+ 27. Kh1
Nxf1 28. Rxf1 d2 29. Rd1 Be3 30. Nxh7 Nd5 31. Nf5 Rxh7 32. Nxe3 Nxe3 33. Rxd2
Rhh8 34. Re2 Rd1+ 35. Kh2 Nf1+ 0-1

[Event "Bundesliga 9798"]
[Site "Deutschland"]
[Date "1997.??.??"]
[Round "?.5"]
[White "Heissler, Jakob"]
[Black "Tischbierek, Raj"]
[Result "1/2-1/2"]
[WhiteElo "2435"]
[BlackElo "2515"]
[PlyCount "77"]
[EventDate "1997.10.??"]
[EventType "team"]
[EventRounds "15"]
[EventCountry "GER"]
[SourceTitle "Bundesliga 9798"]
[Source "DeepChess"]
[SourceDate "2005.01.01"]
[SourceVersion "1"]
[SourceVersionDate "2005.01.01"]
[SourceQuality "1"]
[WhiteTeam "SAbt SV Werder Bremen"]
[BlackTeam "Dresdner SC 1898"]
[WhiteTeamCountry "GER"]
[BlackTeamCountry "GER"]

1. e4 Nf6 2. e5 Nd5 3. d4 d6 4. c4 Nb6 5. exd6 cxd6 6. Nc3 g6 7. Be3 Bg7 8. Rc1
O-O 9. h3 d5 10. c5 Nc4 11. Bxc4 dxc4 12. Nf3 b6 13. O-O Bb7 14. Qe2 bxc5 15.
dxc5 Qc8 16. Rfd1 Bxf3 17. Qxf3 Nc6 18. Qe4 Rb8 19. Rd2 Rb4 20. Rcd1 Qe6 21.
Qxe6 fxe6 22. a3 Rb3 23. Rc2 Bxc3 24. Rxc3 Rxc3 25. bxc3 Rd8 26. Rxd8+ Nxd8 27.
f4 Nc6 28. Kf2 e5 29. Kf3 exf4 30. Kxf4 Kf7 31. Ke4 e6 32. Bf4 Ke7 33. g4 Kf6
34. Be3 Kf7 35. Bf4 Ke7 36. Bg5+ Kd7 37. Be3 Ke8 38. Bf4 Kf7 39. Bg5 1/2-1/2

[Event "Bundesliga 9798"]
[Site "Deutschland"]
[Date "1997.??.??"]
[Round "?.6"]
[White "Uhlmann, Wolfgang"]
[Black "Floegel, Ulrich"]
[Result "1-0"]
[WhiteElo "2485"]
[BlackElo "2365"]
[PlyCount "67"]
[EventDate "1997.10.??"]
[EventType "team"]
[EventRounds "15"]
[EventCountry "GER"]
[SourceTitle "Bundesliga 9798"]
[Source "DeepChess"]
[SourceDate "2005.01.01"]
[SourceVersion "1"]
[SourceVersionDate "2005.01.01"]
[SourceQuality "1"]
[WhiteTeam "Dresdner SC 1898"]
[BlackTeam "SAbt SV Werder Bremen"]
[WhiteTeamCountry "GER"]
[BlackTeamCountry "GER"]

1. c4 Nf6 2. Nc3 g6 3. e4 d6 4. d4 Bg7 5. Be2 O-O 6. Bg5 Nbd7 7. Qd2 c6 8. Nf3
e5 9. O-O Re8 10. Rad1 Qe7 11. Rfe1 Qf8 12. Qc2 h6 13. Bc1 Nh5 14. d5 c5 15. a3
Bf6 16. b4 Kh7 17. Nd2 Bg5 18. Bxh5 gxh5 19. Nf1 b6 20. Ng3 Nf6 21. Nb5 Qe7 22.
f4 exf4 23. e5+ Kg8 24. exf6 Qxe1+ 25. Rxe1 Rxe1+ 26. Nf1 Bg4 27. Bd2 Re2 28.
Nc3 Re5 29. h3 Bf5 30. Qc1 Rae8 31. Nh2 Bxf6 32. Nf3 Re3 33. Bxe3 Rxe3 34. Nd1
1-0

[Event "Bundesliga 9798"]
[Site "Deutschland"]
[Date "1997.??.??"]
[Round "?.7"]
[White "Meyer, Claus Dieter"]
[Black "Maiwald, Jens Uwe"]
[Result "1/2-1/2"]
[WhiteElo "2335"]
[BlackElo "2450"]
[PlyCount "91"]
[EventDate "1997.10.??"]
[EventType "team"]
[EventRounds "15"]
[EventCountry "GER"]
[SourceTitle "Bundesliga 9798"]
[Source "DeepChess"]
[SourceDate "2005.01.01"]
[SourceVersion "1"]
[SourceVersionDate "2005.01.01"]
[SourceQuality "1"]
[WhiteTeam "SAbt SV Werder Bremen"]
[BlackTeam "Dresdner SC 1898"]
[WhiteTeamCountry "GER"]
[BlackTeamCountry "GER"]

1. e4 c5 2. Nf3 e6 3. d3 Nc6 4. g3 d5 5. Nbd2 Bd6 6. Bg2 Nge7 7. O-O O-O 8. Nh4
b6 9. f4 f6 10. Nhf3 Bc7 11. Re1 h6 12. c3 Kh8 13. Kh1 Bd7 14. Qe2 Rc8 15. a3
a5 16. a4 Qe8 17. b3 Qf7 18. Bb2 Rcd8 19. Rad1 Bc8 20. c4 d4 21. Rf1 Qg8 22.
Bc1 g5 23. fxg5 hxg5 24. Rf2 Qh7 25. Kg1 Ng6 26. Rdf1 Kg7 27. e5 Ncxe5 28. Nxe5
Bxe5 29. Ne4 Qh8 30. Bxg5 fxg5 31. Nxg5 Rxf2 32. Rxf2 Rf8 33. Rxf8 Qxf8 34. Be4
Qh8 35. Qg4 Bf6 36. h4 Qh6 37. Kg2 Bxg5 38. hxg5 Qh8 39. Qf3 Qf8 40. Qh5 Qf7
41. Qh6+ Kg8 42. Bxg6 Bb7+ 43. Kg1 Qg7 44. Kf2 Qf8+ 45. Ke1 Qg7 46. Kf2 1/2-1/2

[Event "Bundesliga 9798"]
[Site "Deutschland"]
[Date "1997.??.??"]
[Round "?.8"]
[White "Borriss, Martin"]
[Black "Hedke, Fred"]
[Result "1/2-1/2"]
[WhiteElo "2430"]
[BlackElo "2335"]
[PlyCount "94"]
[EventDate "1997.10.??"]
[EventType "team"]
[EventRounds "15"]
[EventCountry "GER"]
[SourceTitle "Bundesliga 9798"]
[Source "DeepChess"]
[SourceDate "2005.01.01"]
[SourceVersion "1"]
[SourceVersionDate "2005.01.01"]
[SourceQuality "1"]
[WhiteTeam "Dresdner SC 1898"]
[BlackTeam "SAbt SV Werder Bremen"]
[WhiteTeamCountry "GER"]
[BlackTeamCountry "GER"]

1. e4 e5 2. Nf3 Nc6 3. Bb5 a6 4. Ba4 Nf6 5. O-O Be7 6. Re1 b5 7. Bb3 d6 8. c3
O-O 9. h3 Bb7 10. d4 Re8 11. Nbd2 h6 12. Bc2 Bf8 13. a4 Nb8 14. Qe2 c6 15. dxe5
dxe5 16. Nf1 g6 17. Ne3 Nbd7 18. Ng4 Nxg4 19. hxg4 Nc5 20. axb5 cxb5 21. g3 Bc8
22. Rd1 Qc7 23. Nh4 Be6 24. Be3 Qc8 25. f3 Nb3 26. Rab1 Na5 27. Ng2 Nc4 28. Bf2
Rb8 29. Bd3 Rd8 30. Ne3 Nxe3 31. Bxe3 Rb7 32. Bc2 Rbd7 33. Rxd7 Rxd7 34. Rd1
Rxd1+ 35. Qxd1 Bc5 36. Bxc5 Qxc5+ 37. Kg2 b4 38. cxb4 Qxb4 39. Qc1 Qd4 40. Bd1
Bc4 41. Qc2 a5 42. Be2 Be6 43. Bb5 Kg7 44. Bf1 Kf6 45. Be2 Qe3 46. Bf1 Qe1 47.
Qd3 Qc1 1/2-1/2

[Event "Bundesliga 9798"]
[Site "Deutschland"]
[Date "1998.??.??"]
[Round "?.2"]
[White "Bauer, Christian"]
[Black "Bologan, Viktor"]
[Result "0-1"]
[WhiteElo "2525"]
[BlackElo "2585"]
[PlyCount "82"]
[EventDate "1997.10.??"]
[EventType "team"]
[EventRounds "15"]
[EventCountry "GER"]
[SourceTitle "Bundesliga 9798"]
[Source "DeepChess"]
[SourceDate "2005.01.01"]
[SourceVersion "1"]
[SourceVersionDate "2005.01.01"]
[SourceQuality "1"]
[WhiteTeam "SC Anderssen St.Ingbert 1920 e.V."]
[BlackTeam "Dresdner SC 1898"]
[WhiteTeamCountry "GER"]
[BlackTeamCountry "GER"]

1. e4 c5 2. Nf3 e6 3. d4 cxd4 4. Nxd4 a6 5. Bd3 g6 6. Nd2 Bg7 7. N2f3 d6 8. O-O
Nf6 9. Qe2 O-O 10. Rd1 Nbd7 11. Nb3 Qc7 12. c3 b6 13. h3 Bb7 14. Bf4 e5 15. Bg3
Rfe8 16. Re1 Bc6 17. Rad1 Qb7 18. Bc2 d5 19. Nfd2 a5 20. exd5 Bxd5 21. Ne4 Qc6
22. Bd3 Bxe4 23. Bxe4 Nxe4 24. Qxe4 Qxe4 25. Rxe4 f5 26. Re2 Nf8 27. Rde1 a4
28. Nd4 Nd7 29. Nb5 Ra5 30. Nd6 Re6 31. Rd1 Nc5 32. Nc4 Ra8 33. f3 e4 34. Rd5
a3 35. Rd6 Rxd6 36. Bxd6 axb2 37. Rxb2 Bxc3 38. Rxb6 Bd4+ 39. Kf1 Rxa2 40. Ne5
Rf2+ 41. Ke1 e3 0-1

[Event "Bundesliga 9798"]
[Site "Deutschland"]
[Date "1998.??.??"]
[Round "?.3"]
[White "Boensch, Uwe"]
[Black "Degraeve, Jean Marc"]
[Result "1/2-1/2"]
[WhiteElo "2540"]
[BlackElo "2540"]
[PlyCount "106"]
[EventDate "1997.10.??"]
[EventType "team"]
[EventRounds "15"]
[EventCountry "GER"]
[SourceTitle "Bundesliga 9798"]
[Source "DeepChess"]
[SourceDate "2005.01.01"]
[SourceVersion "1"]
[SourceVersionDate "2005.01.01"]
[SourceQuality "1"]
[WhiteTeam "Dresdner SC 1898"]
[BlackTeam "SC Anderssen St.Ingbert 1920 e.V."]
[WhiteTeamCountry "GER"]
[BlackTeamCountry "GER"]

1. d4 Nf6 2. c4 e6 3. Nf3 c5 4. e3 cxd4 5. Nxd4 Nc6 6. Nc3 Nxd4 7. exd4 d5 8.
cxd5 Nxd5 9. Bd3 Nxc3 10. bxc3 Bd7 11. O-O Bc6 12. Re1 Be7 13. Qg4 O-O 14. Bh6
Bf6 15. Re3 Re8 16. f4 g6 17. Bg5 Bxg5 18. fxg5 e5 19. dxe5 Qb6 20. Qf4 Qb2 21.
Qf1 Qxc3 22. Rae1 Qd4 23. Bc4 Bd5 24. Bxd5 Qxd5 25. Qf2 Rac8 26. h4 Rc7 27. a3
Rc4 28. e6 fxe6 29. Rf1 e5 30. Rxe5 Qxe5 31. Qf7+ Kh8 32. Qxc4 b5 33. Qb4 Kg7
34. Rd1 Re7 35. Kh1 a6 36. a4 bxa4 37. Qxa4 a5 38. Qc6 Rf7 39. Qc4 Rc7 40. Qg4
Rf7 41. h5 gxh5 42. Qxh5 Qe6 43. Qh4 h6 44. Qd4+ Kh7 45. gxh6 Qxh6+ 46. Kg1 Qf6
47. Qe4+ Kh8 48. Qe8+ Kg7 49. Qe3 Qf4 50. Qc5 Rc7 51. Qb6 Qe5 52. Qf2 Rf7 53.
Qb6 Rc7 1/2-1/2

[Event "Bundesliga 9798"]
[Site "Deutschland"]
[Date "1998.??.??"]
[Round "?.5"]
[White "Uhlmann, Wolfgang"]
[Black "Werner, Dimo"]
[Result "1-0"]
[WhiteElo "2485"]
[BlackElo "2420"]
[PlyCount "97"]
[EventDate "1997.10.??"]
[EventType "team"]
[EventRounds "15"]
[EventCountry "GER"]
[SourceTitle "Bundesliga 9798"]
[Source "DeepChess"]
[SourceDate "2005.01.01"]
[SourceVersion "1"]
[SourceVersionDate "2005.01.01"]
[SourceQuality "1"]
[WhiteTeam "Dresdner SC 1898"]
[BlackTeam "SC Anderssen St.Ingbert 1920 e.V."]
[WhiteTeamCountry "GER"]
[BlackTeamCountry "GER"]

1. c4 g6 2. e4 Bg7 3. d4 d6 4. Nc3 Nd7 5. Be2 e5 6. Nf3 Ne7 7. O-O O-O 8. dxe5
dxe5 9. b3 b6 10. Be3 Bb7 11. Qc2 c5 12. Rad1 Nc6 13. Bg5 f6 14. Bc1 Nd4 15.
Nxd4 cxd4 16. Nd5 Rc8 17. Qb1 f5 18. Bb2 fxe4 19. Qxe4 Kh8 20. Qb1 b5 21. f4
bxc4 22. bxc4 Bxd5 23. cxd5 Rb8 24. Kh1 Qb6 25. Ba3 Rxf4 26. Qc2 Rxf1+ 27. Rxf1
Nf6 28. Qc6 Qxc6 29. dxc6 Rc8 30. Rc1 Ne4 31. Ba6 Rc7 32. Bb4 d3 33. Bb7 d2 34.
Rb1 Nf2+ 35. Kg1 d1=Q+ 36. Rxd1 Nxd1 37. Bd6 Rxc6 38. Bxc6 Nc3 39. a4 e4 40.
Bc5 Be5 41. Bxa7 Kg7 42. a5 Kf6 43. g3 Ke6 44. a6 Kd6 45. Bb7 Kc7 46. Kf2 h5
47. Kg2 Bf6 48. Be3 g5 49. Ba8 1-0

[Event "Bundesliga 9798"]
[Site "Deutschland"]
[Date "1998.??.??"]
[Round "?.6"]
[White "Becker, Marc"]
[Black "Maiwald, Jens Uwe"]
[Result "1/2-1/2"]
[WhiteElo "2430"]
[BlackElo "2450"]
[PlyCount "58"]
[EventDate "1997.10.??"]
[EventType "team"]
[EventRounds "15"]
[EventCountry "GER"]
[SourceTitle "Bundesliga 9798"]
[Source "DeepChess"]
[SourceDate "2005.01.01"]
[SourceVersion "1"]
[SourceVersionDate "2005.01.01"]
[SourceQuality "1"]
[WhiteTeam "SC Anderssen St.Ingbert 1920 e.V."]
[BlackTeam "Dresdner SC 1898"]
[WhiteTeamCountry "GER"]
[BlackTeamCountry "GER"]

1. c4 e5 2. g3 d6 3. Nc3 g6 4. Bg2 Bg7 5. d3 f5 6. e3 Nf6 7. Nge2 a5 8. b3 O-O
9. O-O c6 10. Ba3 Na6 11. Qd2 Re8 12. Rad1 Rb8 13. Bb2 Bd7 14. d4 e4 15. d5 c5
16. Nb5 Bxb5 17. cxb5 Nc7 18. b6 Ncxd5 19. Bxf6 Nxf6 20. Qxd6 Bf8 21. Qxd8
Rbxd8 22. Nc3 Rc8 23. Na4 Re6 24. Rd2 c4 25. Rc1 Rec6 26. Rxc4 Rxc4 27. bxc4
Rxc4 28. Rd4 Rxd4 29. exd4 Ne8 1/2-1/2

[Event "Bundesliga 9798"]
[Site "Deutschland"]
[Date "1998.??.??"]
[Round "?.7"]
[White "Borriss, Martin"]
[Black "Gross, Georg"]
[Result "1/2-1/2"]
[WhiteElo "2430"]
[BlackElo "2360"]
[PlyCount "83"]
[EventDate "1997.10.??"]
[EventType "team"]
[EventRounds "15"]
[EventCountry "GER"]
[SourceTitle "Bundesliga 9798"]
[Source "DeepChess"]
[SourceDate "2005.01.01"]
[SourceVersion "1"]
[SourceVersionDate "2005.01.01"]
[SourceQuality "1"]
[WhiteTeam "Dresdner SC 1898"]
[BlackTeam "SC Anderssen St.Ingbert 1920 e.V."]
[WhiteTeamCountry "GER"]
[BlackTeamCountry "GER"]

1. e4 Nc6 2. Nf3 d5 3. exd5 Qxd5 4. Nc3 Qa5 5. Bb5 Bd7 6. d4 a6 7. Bc4 O-O-O 8.
Bd2 Qh5 9. d5 Ne5 10. Nxe5 Qxe5+ 11. Be3 e6 12. O-O Bd6 13. g3 Nf6 14. Bf4 Qf5
15. Bxd6 cxd6 16. dxe6 Bxe6 17. Bd3 Qh3 18. Qf3 h5 19. Rfe1 Ng4 20. Qg2 Ne5 21.
Bf1 Qf5 22. f4 Ng4 23. Ne4 Bd5 24. Rad1 h4 25. gxh4 Rxh4 26. h3 Nf6 27. Qg5
Qxg5+ 28. Nxg5 Rxf4 29. c4 Bf3 30. Nxf3 Rxf3 31. Bg2 Rf4 32. c5 d5 33. Re7 Rd7
34. Rxd7 Kxd7 35. Bxd5 Nxd5 36. Rxd5+ Kc6 37. Re5 f6 38. Re7 g5 39. Rf7 a5 40.
b3 Kxc5 41. Rxb7 a4 42. Kg2 1/2-1/2

[Event "Bundesliga 9798"]
[Site "Deutschland"]
[Date "1998.??.??"]
[Round "?.8"]
[White "Kummerow, Heiko"]
[Black "Gauglitz, Gernot"]
[Result "1-0"]
[WhiteElo "2300"]
[BlackElo "2400"]
[PlyCount "93"]
[EventDate "1997.10.??"]
[EventType "team"]
[EventRounds "15"]
[EventCountry "GER"]
[SourceTitle "Bundesliga 9798"]
[Source "DeepChess"]
[SourceDate "2005.01.01"]
[SourceVersion "1"]
[SourceVersionDate "2005.01.01"]
[SourceQuality "1"]
[WhiteTeam "SC Anderssen St.Ingbert 1920 e.V."]
[BlackTeam "Dresdner SC 1898"]
[WhiteTeamCountry "GER"]
[BlackTeamCountry "GER"]

1. e4 c5 2. Nf3 Nc6 3. d4 cxd4 4. Nxd4 Nf6 5. Nc3 e5 6. Ndb5 d6 7. Bg5 a6 8.
Na3 b5 9. Bxf6 gxf6 10. Nd5 Bg7 11. Bd3 Ne7 12. Nxe7 Qxe7 13. c3 f5 14. Nc2 d5
15. exf5 Qc5 16. Qh5 Qb6 17. O-O Bb7 18. Rfd1 a5 19. Ne3 Kf8 20. Bc2 Rd8 21.
Bb3 Qc5 22. f6 Bxf6 23. Qf3 Bg5 24. Bxd5 Bxd5 25. Rxd5 Rxd5 26. Nxd5 Kg7 27.
Re1 Re8 28. g3 Qc6 29. h4 Bd8 30. Rd1 Qe6 31. Qe2 Qc6 32. Ne3 Kh8 33. Nf5 Bc7
34. Qg4 Qg6 35. Qxg6 fxg6 36. Nd6 Rb8 37. Nf7+ Kg8 38. Rd7 Rc8 39. Ng5 h5 40.
Ne6 Bb6 41. Rg7+ Kh8 42. Rxg6 b4 43. Ng5 bxc3 44. bxc3 Bd8 45. Nf7+ Kh7 46. Rd6
Be7 47. Rd7 1-0

[Event "Bundesliga 9798"]
[Site "Deutschland"]
[Date "1998.??.??"]
[Round "?.1"]
[White "Bologan, Viktor"]
[Black "Movsesian, Sergei"]
[Result "1/2-1/2"]
[WhiteElo "2585"]
[BlackElo "2555"]
[PlyCount "126"]
[EventDate "1997.10.??"]
[EventType "team"]
[EventRounds "15"]
[EventCountry "GER"]
[SourceTitle "Bundesliga 9798"]
[Source "DeepChess"]
[SourceDate "2005.01.01"]
[SourceVersion "1"]
[SourceVersionDate "2005.01.01"]
[SourceQuality "1"]
[WhiteTeam "Dresdner SC 1898"]
[BlackTeam "SF Neukoelln 03 e.V."]
[WhiteTeamCountry "GER"]
[BlackTeamCountry "GER"]

1. e4 c5 2. Nf3 e6 3. d4 cxd4 4. Nxd4 a6 5. Nc3 Qc7 6. Bd3 Nc6 7. Nxc6 dxc6 8.
O-O e5 9. f4 Nf6 10. f5 b5 11. a4 Bb7 12. Qe2 Bc5+ 13. Kh1 h6 14. Nb1 O-O 15.
Nd2 Rfd8 16. Nf3 Bd6 17. b3 Rac8 18. Bd2 Qb8 19. Ba5 Bc7 20. Be1 Nd7 21. f6
Nxf6 22. Nh4 Rd6 23. Nf5 Re6 24. c4 Kh7 25. Bh4 Bd8 26. cxb5 cxb5 27. axb5 axb5
28. Bxb5 Bxe4 29. Bxf6 Qb7 30. Ng3 Bg6 31. Bxd8 Rc2 32. Qf3 Qxb5 33. Rac1 Rb2
34. Rc3 Rd6 35. Bc7 Rf6 36. Qd1 Qb7 37. Rff3 Rc6 38. Rxc6 Qxc6 39. Bxe5 Rb1 40.
Qxb1 Bxb1 41. Rxf7 Qc1+ 42. Rf1 Qc2 43. b4 Ba2 44. Rg1 Bd5 45. Bd4 g5 46. Bc5
g4 47. Nf1 Qe2 48. Ne3 Be4 49. Ra1 h5 50. Kg1 Kg6 51. Rf1 Qb2 52. Rf4 Bd3 53.
h4 g3 54. Rf3 Qb1+ 55. Nf1 Be2 56. Rf4 Bxf1 57. Rxf1 Qe4 58. Bf2 gxf2+ 59. Rxf2
Qxh4 60. Rf3 Qxb4 61. Rg3+ Kf5 62. Rf3+ Kg4 63. Kh2 h4 1/2-1/2

[Event "Bundesliga 9798"]
[Site "Deutschland"]
[Date "1998.??.??"]
[Round "?.2"]
[White "Stohl, Igor"]
[Black "Lanka, Zigurds"]
[Result "1/2-1/2"]
[WhiteElo "2565"]
[BlackElo "2565"]
[PlyCount "50"]
[EventDate "1997.10.??"]
[EventType "team"]
[EventRounds "15"]
[EventCountry "GER"]
[SourceTitle "Bundesliga 9798"]
[Source "DeepChess"]
[SourceDate "2005.01.01"]
[SourceVersion "1"]
[SourceVersionDate "2005.01.01"]
[SourceQuality "1"]
[WhiteTeam "SF Neukoelln 03 e.V."]
[BlackTeam "Dresdner SC 1898"]
[WhiteTeamCountry "GER"]
[BlackTeamCountry "GER"]

1. Nf3 Nf6 2. c4 g6 3. g3 c5 4. Bg2 d6 5. d4 Nc6 6. O-O Bd7 7. dxc5 dxc5 8. Bf4
Qc8 9. Nc3 Nh5 10. Be3 b6 11. Qd2 Bh3 12. Bxh3 Qxh3 13. Rfd1 Bg7 14. Bh6 O-O
15. Bxg7 Kxg7 16. Nd5 h6 17. Qc3+ Kh7 18. Rd2 Rad8 19. Rad1 Qe6 20. b3 Nf6 21.
Nxf6+ exf6 22. e3 Kg7 23. Ne1 Rxd2 24. Rxd2 Rd8 25. Rxd8 Nxd8 1/2-1/2

[Event "Bundesliga 9798"]
[Site "Deutschland"]
[Date "1998.??.??"]
[Round "?.3"]
[White "Boensch, Uwe"]
[Black "Hellsten, Johan"]
[Result "1/2-1/2"]
[WhiteElo "2540"]
[BlackElo "2495"]
[PlyCount "71"]
[EventDate "1997.10.??"]
[EventType "team"]
[EventRounds "15"]
[EventCountry "GER"]
[SourceTitle "Bundesliga 9798"]
[Source "DeepChess"]
[SourceDate "2005.01.01"]
[SourceVersion "1"]
[SourceVersionDate "2005.01.01"]
[SourceQuality "1"]
[WhiteTeam "Dresdner SC 1898"]
[BlackTeam "SF Neukoelln 03 e.V."]
[WhiteTeamCountry "GER"]
[BlackTeamCountry "GER"]

1. d4 d5 2. c4 c6 3. e3 Nf6 4. Nc3 a6 5. Qc2 g6 6. Nf3 Bg7 7. Bd2 O-O 8. Rc1
Nbd7 9. cxd5 cxd5 10. Qb3 e6 11. Bd3 b6 12. O-O Rb8 13. Na4 Re8 14. Bb4 Ne4 15.
Rfd1 Bb7 16. Qc2 Rc8 17. Qe2 b5 18. Nc5 Nexc5 19. Bxc5 e5 20. Bb1 e4 21. Nd2
Nxc5 22. Rxc5 Rxc5 23. dxc5 Qf6 24. Nb3 Qxb2 25. Qxb2 Bxb2 26. Na5 Ba8 27. c6
Bc3 28. Nb7 Bxb7 29. cxb7 Rb8 30. Rxd5 Rxb7 31. Bxe4 Rc7 32. g4 Kg7 33. Kg2 Bb4
34. Rd8 Ra7 35. Kf3 Be7 36. Ra8 1/2-1/2

[Event "Bundesliga 9798"]
[Site "Deutschland"]
[Date "1998.??.??"]
[Round "?.5"]
[White "Uhlmann, Wolfgang"]
[Black "Bunzmann, Dimitrij"]
[Result "1/2-1/2"]
[WhiteElo "2485"]
[BlackElo "2370"]
[PlyCount "94"]
[EventDate "1997.10.??"]
[EventType "team"]
[EventRounds "15"]
[EventCountry "GER"]
[SourceTitle "Bundesliga 9798"]
[Source "DeepChess"]
[SourceDate "2005.01.01"]
[SourceVersion "1"]
[SourceVersionDate "2005.01.01"]
[SourceQuality "1"]
[WhiteTeam "Dresdner SC 1898"]
[BlackTeam "SF Neukoelln 03 e.V."]
[WhiteTeamCountry "GER"]
[BlackTeamCountry "GER"]

1. c4 b6 2. e4 Bb7 3. Nc3 e6 4. Nf3 Bb4 5. Qb3 Bxc3 6. Qxc3 Bxe4 7. Qxg7 Qf6 8.
Qxf6 Nxf6 9. Be2 Rg8 10. d3 Bb7 11. Bf4 d6 12. O-O Nc6 13. Rfd1 e5 14. Bg3
O-O-O 15. d4 Rde8 16. d5 Ne7 17. Bh4 Nd7 18. Bxe7 Rxe7 19. Nh4 Rg5 20. Re1 c6
21. dxc6 Bxc6 22. Rad1 Kc7 23. Rd3 h6 24. Rg3 Nf8 25. b4 Ne6 26. Rxg5 hxg5 27.
Nf5 Re8 28. Rd1 Nf4 29. Bf1 Re6 30. g3 Bf3 31. Rd2 Rf6 32. Ne3 Ne6 33. Bg2 Nd4
34. h3 Rh6 35. Rd3 Bxg2 36. Kxg2 f5 37. Nd5+ Kc6 38. f4 gxf4 39. gxf4 b5 40.
fxe5 dxe5 41. Ne7+ Kb7 42. cxb5 Re6 43. Nc6 Nxc6 44. Rd7+ Kb6 45. bxc6 Rxc6 46.
Rd5 Rc2+ 47. Kf1 Rxa2 1/2-1/2

[Event "Bundesliga 9798"]
[Site "Deutschland"]
[Date "1998.??.??"]
[Round "?.6"]
[White "Schoene, Ralf"]
[Black "Maiwald, Jens Uwe"]
[Result "1/2-1/2"]
[WhiteElo "2435"]
[BlackElo "2450"]
[PlyCount "84"]
[EventDate "1997.10.??"]
[EventType "team"]
[EventRounds "15"]
[EventCountry "GER"]
[SourceTitle "Bundesliga 9798"]
[Source "DeepChess"]
[SourceDate "2005.01.01"]
[SourceVersion "1"]
[SourceVersionDate "2005.01.01"]
[SourceQuality "1"]
[WhiteTeam "SF Neukoelln 03 e.V."]
[BlackTeam "Dresdner SC 1898"]
[WhiteTeamCountry "GER"]
[BlackTeamCountry "GER"]

1. d4 d6 2. Nf3 Bg4 3. c4 Nd7 4. g3 Bxf3 5. exf3 g6 6. Bg2 Bg7 7. f4 c6 8. O-O
Ngf6 9. Nc3 O-O 10. d5 Nb6 11. Qe2 cxd5 12. cxd5 Rc8 13. Be3 Nfd7 14. Rad1 Bxc3
15. bxc3 Rxc3 16. Bd4 Rc7 17. Rfe1 Nf6 18. Bxb6 axb6 19. Rd3 Qd7 20. Re3 Re8
21. Rb3 Rec8 22. Qf1 Qa4 23. Rb2 Qd4 24. Rbe2 Nxd5 25. Bxd5 Qxd5 26. Rxe7 Rxe7
27. Rxe7 Qxa2 28. Qd1 Qb2 29. Kg2 Qb5 30. Rxb7 Qc6+ 31. Qf3 d5 32. Ra7 Rd8 33.
f5 Qf6 34. fxg6 Qxf3+ 35. Kxf3 hxg6 36. Ke3 d4+ 37. Kd3 Kg7 38. Ra4 Kf6 39.
Rxd4 Rxd4+ 40. Kxd4 Ke6 41. h4 f5 42. f3 Kd6 1/2-1/2

[Event "Bundesliga 9798"]
[Site "Deutschland"]
[Date "1998.??.??"]
[Round "?.7"]
[White "Borriss, Martin"]
[Black "Berndt, Stephan"]
[Result "1/2-1/2"]
[WhiteElo "2430"]
[BlackElo "2360"]
[PlyCount "63"]
[EventDate "1997.10.??"]
[EventType "team"]
[EventRounds "15"]
[EventCountry "GER"]
[SourceTitle "Bundesliga 9798"]
[Source "DeepChess"]
[SourceDate "2005.01.01"]
[SourceVersion "1"]
[SourceVersionDate "2005.01.01"]
[SourceQuality "1"]
[WhiteTeam "Dresdner SC 1898"]
[BlackTeam "SF Neukoelln 03 e.V."]
[WhiteTeamCountry "GER"]
[BlackTeamCountry "GER"]

1. e4 c5 2. Nf3 d6 3. d4 cxd4 4. Nxd4 Nf6 5. Nc3 g6 6. Be3 Bg7 7. f3 O-O 8. Qd2
Nc6 9. O-O-O d5 10. Qe1 e5 11. Nxc6 bxc6 12. exd5 cxd5 13. Bg5 Be6 14. Bc4 Qc7
15. Bxf6 dxc4 16. Bxg7 Kxg7 17. Ne4 Rad8 18. Qc3 Bd5 19. Rhe1 f6 20. Nf2 Qb6
21. Rd2 Bf7 22. Red1 Rxd2 23. Rxd2 Rd8 24. Rxd8 Qxd8 25. Qe3 Qa5 26. a3 f5 27.
f4 exf4 28. Qxf4 Qe1+ 29. Nd1 Qg1 30. Qe5+ Kg8 31. Qb8+ Kg7 32. Qe5+ 1/2-1/2